[Event "Deutsche Ländermeisterschaft 2020"]
[Site "Berlin GER"]
[Date "2020.10.02"]
[Round "5"]
[White "Werner, Florin"]
[Black "Schreidl, Michael"]
[Result "0-1"]
[Termination "normal"]
[Board "2.7"]
[WhiteElo "1481"]
[BlackElo "1640"]
[WhiteClock "00:58:11"]
[BlackClock "01:10:10"]
[WhiteTeam "Hessen"]
[BlackTeam "Rheinland-Pfalz"]
[PlyCount "86"]
[WhiteFideId "16250230"]
[BlackFideId "16265750"]
[EventCountry "GER"]
[EventRounds "7"]
[EventType "team-swiss"]
[EventDate "2020.09.29"]

1. e4 {[%clk 1:30:49]} e5 {[%clk 1:30:56]} 2. Nf3 {[%clk 1:31:12]} Nc6 {[%clk
1:31:24]} 3. Bc4 {[%clk 1:31:32]} Bc5 {[%clk 1:31:49]} 4. c3 {[%clk 1:31:56]}
Nf6 {[%clk 1:32:09]} 5. d4 {[%clk 1:32:17]} exd4 {[%clk 1:32:33]} 6. e5 {[%clk
1:32:41]} d5 {[%clk 1:32:59]} 7. Bb5 {[%clk 1:33:07]} Ne4 {[%clk 1:33:25]} 8.
O-O {[%clk 1:33:20]} Bg4 {[%clk 1:32:32]} 9. cxd4 {[%clk 1:32:56]} Bb6 {[%clk
1:32:54]} 10. Nc3 {[%clk 1:33:03]} O-O {[%clk 1:32:26]} 11. Bxc6 {[%clk
1:32:59]} bxc6 {[%clk 1:32:50]} 12. Be3 {[%clk 1:32:52]} f5 {[%clk 1:30:55]}
13. h3 {[%clk 1:31:47]} Bh5 {[%clk 1:30:00]} 14. Re1 {[%clk 1:29:23]} f4 {[%clk
1:28:41]} 15. Bc1 {[%clk 1:29:39]} Ng5 {[%clk 1:26:25]} 16. Qd3 {[%clk
1:29:03]} Bxf3 {[%clk 1:25:11]} 17. gxf3 {[%clk 1:28:54]} Nxh3+ {[%clk
1:25:29]} 18. Kf1 {[%clk 1:29:21]} Qh4 {[%clk 1:23:55]} 19. Nd1 {[%clk
1:29:01]} Qg5 {[%clk 1:23:00]} 20. b3 {[%clk 1:27:20]} Qh5 {[%clk 1:20:22]} 21.
Ke2 {[%clk 1:27:16]} Ng5 {[%clk 1:20:06]} 22. Nc3 {[%clk 1:26:58]} Ne6 {[%clk
1:19:57]} 23. Bb2 {[%clk 1:17:16]} Nxd4+ {[%clk 1:20:12]} 24. Kd2 {[%clk
1:17:39]} Nxf3+ {[%clk 1:20:37]} 25. Kc2 {[%clk 1:18:04]} Nxe1+ {[%clk
1:20:40]} 26. Rxe1 {[%clk 1:18:27]} Bxf2 {[%clk 1:20:40]} 27. Re2 {[%clk
1:17:49]} Be3 {[%clk 1:19:52]} 28. e6 {[%clk 1:11:16]} Rfe8 {[%clk 1:19:26]}
29. Nd1 {[%clk 1:09:46]} Rxe6 {[%clk 1:17:06]} 30. Rg2 {[%clk 1:08:44]} Rg6
{[%clk 1:15:54]} 31. Re2 {[%clk 1:08:35]} Re8 {[%clk 1:15:30]} 32. Nxe3 {[%clk
1:08:08]} fxe3 {[%clk 1:15:54]} 33. Rxe3 {[%clk 1:08:27]} Rg2+ {[%clk 1:16:04]}
34. Kc3 {[%clk 1:08:48]} Rxe3 {[%clk 1:13:48]} 35. Qxe3 {[%clk 1:09:00]} Re2
{[%clk 1:13:28]} 36. Qxa7 {[%clk 1:08:27]} Qf3+ {[%clk 1:13:33]} 37. Kb4 {[%clk
1:08:53]} Re4+ {[%clk 1:13:55]} 38. Ka5 {[%clk 1:08:03]} Qf8 {[%clk 1:12:37]}
39. Qxc7 {[%clk 1:05:40]} Re7 {[%clk 1:10:07]} 40. Qg3 {[%clk 1:02:31]} Rb7
{[%clk 1:09:32]} 41. Qd3 {[%clk 0:57:29]} Qa8+ {[%clk 1:09:37]} 42. Qa6 {[%clk
0:57:55]} Rb5+ {[%clk 1:09:44]} 43. Ka4 {[%clk 0:58:11]} Qxa6# {[%clk 1:10:10]}
0-1

[Event "Deutsche Ländermeisterschaft 2020"]
[Site "Berlin GER"]
[Date "2020.10.02"]
[Round "5"]
[White "Richter, Johanna"]
[Black "Fischer, Juliane"]
[Result "0-1"]
[Termination "normal"]
[Board "2.8"]
[WhiteElo "1107"]
[BlackElo "1509"]
[WhiteClock "00:19:03"]
[BlackClock "00:37:17"]
[WhiteTeam "Rheinland-Pfalz"]
[BlackTeam "Hessen"]
[PlyCount "102"]
[WhiteFideId "16278925"]
[BlackFideId "16290135"]
[EventCountry "GER"]
[EventRounds "7"]
[EventType "team-swiss"]
[EventDate "2020.09.29"]

1. d4 {[%clk 1:30:58]} d5 {[%clk 1:30:49]} 2. c4 {[%clk 1:31:16]} e6 {[%clk
1:31:09]} 3. Nc3 {[%clk 1:31:36]} Nf6 {[%clk 1:31:23]} 4. Bg5 {[%clk 1:31:57]}
Be7 {[%clk 1:31:33]} 5. Nf3 {[%clk 1:32:02]} O-O {[%clk 1:31:04]} 6. e3 {[%clk
1:28:49]} Nbd7 {[%clk 1:28:26]} 7. Qc2 {[%clk 1:28:37]} dxc4 {[%clk 1:28:44]}
8. Bxc4 {[%clk 1:26:49]} a6 {[%clk 1:25:11]} 9. a4 {[%clk 1:22:32]} c5 {[%clk
1:17:49]} 10. O-O {[%clk 1:19:48]} Nb6 {[%clk 1:17:01]} 11. Bb3 {[%clk
1:19:48]} cxd4 {[%clk 1:16:29]} 12. Nxd4 {[%clk 1:19:34]} Bd7 {[%clk 1:15:37]}
13. Rfd1 {[%clk 1:16:25]} Qc7 {[%clk 1:14:07]} 14. Rac1 {[%clk 1:09:49]} Rac8
{[%clk 1:14:07]} 15. Qd2 {[%clk 1:09:49]} Bc6 {[%clk 1:14:07]} 16. f3 {[%clk
1:09:49]} Rfd8 {[%clk 1:05:21]} 17. Qc2 {[%clk 0:49:09]} Nbd5 {[%clk 0:50:37]}
18. Qe2 {[%clk 0:34:24]} Qa5 19. Nxc6 {[%clk 0:34:24]} Nxc3 {[%clk 0:33:51]}
20. Nxe7+ {[%clk 0:32:39]} Kf8 {[%clk 0:34:09]} 21. Rxd8+ {[%clk 0:29:08]} Rxd8
{[%clk 0:33:59]} 22. Rxc3 {[%clk 0:29:08]} Qxg5 23. Rc7 {[%clk 0:24:02]} Rd7
{[%clk 0:34:09]} 24. Rxd7 {[%clk 0:22:50]} Nxd7 {[%clk 0:34:21]} 25. Nc8 {[%clk
0:22:21]} Qc5 {[%clk 0:34:16]} 26. Kf2 {[%clk 0:20:09]} Qxc8 {[%clk 0:34:16]}
27. Qc4 {[%clk 0:20:09]} Qxc4 {[%clk 0:34:00]} 28. Bxc4 {[%clk 0:20:23]} Ne5
{[%clk 0:31:38]} 29. b3 {[%clk 0:19:38]} Ke7 {[%clk 0:31:58]} 30. f4 {[%clk
0:19:38]} Nxc4 {[%clk 0:31:58]} 31. bxc4 {[%clk 0:19:58]} Kd6 {[%clk 0:32:20]}
32. Ke2 {[%clk 0:20:19]} Kc5 {[%clk 0:32:46]} 33. Kd3 {[%clk 0:20:19]} Kb4
{[%clk 0:32:46]} 34. Kd4 {[%clk 0:19:35]} Kxa4 {[%clk 0:33:03]} 35. Kc5 {[%clk
0:19:59]} b5 {[%clk 0:33:19]} 36. g4 {[%clk 0:18:24]} Kb3 {[%clk 0:33:00]} 37.
cxb5 {[%clk 0:18:23]} axb5 {[%clk 0:33:25]} 38. Kxb5 {[%clk 0:18:49]} Kc3
{[%clk 0:33:47]} 39. Kc5 {[%clk 0:19:15]} Kd3 {[%clk 0:34:07]} 40. Kd6 {[%clk
0:19:41]} Kxe3 41. f5 {[%clk 0:19:06]} exf5 {[%clk 0:34:49]} 42. gxf5 {[%clk
0:19:06]} Kf4 {[%clk 0:35:07]} 43. Ke7 {[%clk 0:19:33]} Kxf5 {[%clk 0:35:05]}
44. Kxf7 {[%clk 0:19:55]} g5 {[%clk 0:35:50]} 45. h3 {[%clk 0:19:05]} h5 {[%clk
0:35:50]} 46. Ke7 {[%clk 0:19:26]} g4 {[%clk 0:35:50]} 47. h4 {[%clk 0:19:26]}
g3 {[%clk 0:35:50]} 48. Kf7 {[%clk 0:19:26]} g2 49. Kg7 {[%clk 0:18:54]} g1=Q+
{[%clk 0:37:17]} 50. Kh8 {[%clk 0:18:54]} Kf6 {[%clk 0:37:17]} 51. Kh7 {[%clk
0:19:03]} Qg7# 0-1

[Event "Deutsche Ländermeisterschaft 2020"]
[Site "Berlin GER"]
[Date "2020.10.02"]
[Round "5"]
[White "Niermann, Tristan"]
[Black "Ermitsch, Magnus"]
[Result "1-0"]
[Termination "normal"]
[Board "3.2"]
[WhiteTitle "FM"]
[WhiteElo "2262"]
[BlackElo "2025"]
[WhiteClock "00:15:53"]
[BlackClock "00:16:50"]
[WhiteTeam "Nordrhein-Westfalen"]
[BlackTeam "Berlin"]
[PlyCount "61"]
[WhiteFideId "12990698"]
[BlackFideId "16234464"]
[EventCountry "GER"]
[EventRounds "7"]
[EventType "team-swiss"]
[EventDate "2020.09.29"]

1. d4 {[%clk 1:30:30]} Nf6 {[%clk 1:30:21]} 2. c4 {[%clk 1:31:07]} e6 {[%clk
1:30:08]} 3. g3 {[%clk 1:31:22]} d5 {[%clk 1:29:53]} 4. Nf3 {[%clk 1:31:39]}
Be7 {[%clk 1:29:16]} 5. Bg2 {[%clk 1:32:02]} O-O {[%clk 1:28:15]} 6. O-O {[%clk
1:32:14]} dxc4 {[%clk 1:27:58]} 7. Qc2 {[%clk 1:32:19]} a6 {[%clk 1:27:26]} 8.
a4 {[%clk 1:32:39]} Nbd7 {[%clk 1:25:03]} 9. Nbd2 {[%clk 1:27:26]} Nb6 {[%clk
1:18:14]} 10. a5 {[%clk 1:24:27]} Nbd5 {[%clk 1:17:27]} 11. Nxc4 {[%clk
1:21:59]} b5 {[%clk 1:16:59]} 12. axb6 {[%clk 1:14:34]} cxb6 {[%clk 1:16:54]}
13. Nfe5 {[%clk 1:13:40]} Bb7 {[%clk 1:14:39]} 14. Qb3 {[%clk 1:11:16]} Rb8
{[%clk 1:11:41]} 15. Bd2 {[%clk 1:05:02]} a5 {[%clk 1:05:23]} 16. Nd3 {[%clk
0:56:11]} Bc6 {[%clk 0:54:54]} 17. Rfc1 {[%clk 0:45:43]} a4 {[%clk 0:53:20]}
18. Qd1 {[%clk 0:43:21]} b5 {[%clk 0:50:04]} 19. Ba5 {[%clk 0:28:20]} Qe8
{[%clk 0:47:27]} 20. Nce5 {[%clk 0:28:13]} Ba8 {[%clk 0:45:49]} 21. Nc5 {[%clk
0:20:32]} Bd8 {[%clk 0:41:22]} 22. Be1 {[%clk 0:19:19]} Bb6 {[%clk 0:37:05]}
23. b3 {[%clk 0:19:03]} axb3 {[%clk 0:29:02]} 24. Qxb3 {[%clk 0:18:54]} Bxc5
{[%clk 0:20:49]} 25. dxc5 {[%clk 0:18:13]} Nd7 {[%clk 0:20:19]} 26. Nd3 {[%clk
0:18:07]} Nc7 {[%clk 0:17:23]} 27. c6 {[%clk 0:17:46]} Nb6 {[%clk 0:16:42]} 28.
Bb4 {[%clk 0:17:43]} Nbd5 {[%clk 0:16:18]} 29. Bxf8 {[%clk 0:17:57]} Kxf8
{[%clk 0:16:40]} 30. Nb4 {[%clk 0:17:53]} Nb6 {[%clk 0:16:50]} 31. Na6 {[%clk
0:15:53]} 1-0

[Event "Deutsche Ländermeisterschaft 2020"]
[Site "Berlin GER"]
[Date "2020.10.02"]
[Round "5"]
[White "Rudolph, Eva"]
[Black "Zhou, Lepu Coco"]
[Result "0-1"]
[Termination "normal"]
[Board "3.6"]
[WhiteElo "1836"]
[BlackElo "1872"]
[WhiteClock "00:01:19"]
[BlackClock "00:18:38"]
[WhiteTeam "Nordrhein-Westfalen"]
[BlackTeam "Berlin"]
[PlyCount "66"]
[WhiteFideId "16200594"]
[BlackFideId "16217136"]
[EventCountry "GER"]
[EventRounds "7"]
[EventType "team-swiss"]
[EventDate "2020.09.29"]

1. e4 {[%clk 1:30:58]} e5 {[%clk 1:30:54]} 2. Nf3 {[%clk 1:31:01]} Nc6 {[%clk
1:31:17]} 3. d4 {[%clk 1:31:25]} exd4 {[%clk 1:31:42]} 4. Nxd4 {[%clk 1:31:46]}
Nf6 {[%clk 1:32:07]} 5. Nc3 {[%clk 1:31:48]} Bb4 {[%clk 1:32:15]} 6. Nxc6
{[%clk 1:32:07]} bxc6 {[%clk 1:32:40]} 7. Bd3 {[%clk 1:32:26]} d5 {[%clk
1:33:04]} 8. Bd2 {[%clk 1:32:30]} O-O {[%clk 1:31:26]} 9. O-O {[%clk 1:31:25]}
Be6 {[%clk 1:11:14]} 10. Nxd5 {[%clk 1:22:17]} Bxd2 {[%clk 1:04:55]} 11. Nxf6+
{[%clk 1:21:50]} Qxf6 {[%clk 1:05:13]} 12. Qxd2 {[%clk 1:21:34]} Qxb2 {[%clk
1:05:18]} 13. Rab1 {[%clk 1:09:12]} Qd4 {[%clk 1:01:59]} 14. Qa5 {[%clk
1:06:26]} c5 {[%clk 1:00:42]} 15. Rfd1 {[%clk 0:55:33]} c4 {[%clk 0:59:46]} 16.
Be2 {[%clk 0:54:43]} Qf6 {[%clk 0:58:01]} 17. Rb7 {[%clk 0:48:23]} Rad8 {[%clk
0:54:28]} 18. Rdb1 {[%clk 0:24:10]} Qf4 {[%clk 0:48:58]} 19. Bf3 {[%clk
0:13:24]} Rd2 {[%clk 0:46:35]} 20. c3 {[%clk 0:13:03]} Rc2 {[%clk 0:43:31]} 21.
h3 {[%clk 0:12:03]} Qd2 {[%clk 0:39:55]} 22. Qxa7 {[%clk 0:09:21]} Rxa2 {[%clk
0:28:46]} 23. Qd4 {[%clk 0:09:02]} Qxd4 {[%clk 0:21:58]} 24. cxd4 {[%clk
0:09:30]} c6 {[%clk 0:21:49]} 25. Rc1 {[%clk 0:08:16]} f5 {[%clk 0:18:07]} 26.
exf5 {[%clk 0:01:07]} Bd5 {[%clk 0:17:57]} 27. Bg4 {[%clk 0:01:03]} h5 {[%clk
0:17:42]} 28. Bxh5 {[%clk 0:00:56]} Rxf5 {[%clk 0:18:01]} 29. Bg6 {[%clk
0:00:50]} Rf8 {[%clk 0:17:20]} 30. Rc7 {[%clk 0:00:43]} Raxf2 {[%clk 0:17:11]}
31. g4 {[%clk 0:00:46]} Rg2+ {[%clk 0:17:32]} 32. Kh1 {[%clk 0:01:09]} Rxg4+
{[%clk 0:18:14]} 33. Kh2 {[%clk 0:01:19]} Rf2# {[%clk 0:18:38]} 0-1

[Event "Deutsche Ländermeisterschaft 2020"]
[Site "Berlin GER"]
[Date "2020.10.02"]
[Round "5"]
[White "Nitsche, Nikolai"]
[Black "Besou, Hussain"]
[Result "1/2-1/2"]
[Termination "normal"]
[Board "3.7"]
[WhiteElo "1721"]
[BlackElo "1825"]
[WhiteClock "00:23:30"]
[BlackClock "00:37:06"]
[WhiteTeam "Berlin"]
[BlackTeam "Nordrhein-Westfalen"]
[PlyCount "68"]
[WhiteFideId "16221036"]
[BlackFideId "16269950"]
[EventCountry "GER"]
[EventRounds "7"]
[EventType "team-swiss"]
[EventDate "2020.09.29"]

1. g3 {[%clk 1:30:07]} Nf6 {[%clk 1:30:18]} 2. Bg2 {[%clk 1:29:38]} g6 {[%clk
1:30:27]} 3. Nf3 {[%clk 1:28:46]} Bg7 {[%clk 1:30:39]} 4. O-O {[%clk 1:28:54]}
O-O {[%clk 1:31:01]} 5. d3 {[%clk 1:28:41]} d5 {[%clk 1:29:13]} 6. c3 {[%clk
1:26:56]} c6 {[%clk 1:29:09]} 7. Bg5 {[%clk 1:27:42]} h6 {[%clk 1:29:29]} 8.
Bxf6 {[%clk 1:27:47]} Bxf6 {[%clk 1:29:52]} 9. Nbd2 {[%clk 1:27:33]} e5 {[%clk
1:29:59]} 10. e4 {[%clk 1:27:32]} Be6 {[%clk 1:29:58]} 11. d4 {[%clk 1:27:02]}
exd4 {[%clk 1:29:36]} 12. Nxd4 {[%clk 1:26:46]} Bxd4 {[%clk 1:29:55]} 13. cxd4
{[%clk 1:27:03]} dxe4 {[%clk 1:30:21]} 14. Nxe4 {[%clk 1:27:18]} Nd7 {[%clk
1:30:12]} 15. Qd2 {[%clk 1:25:21]} Kg7 {[%clk 1:30:24]} 16. Rfe1 {[%clk
1:25:17]} Bd5 {[%clk 1:27:25]} 17. f4 {[%clk 1:21:30]} Bxe4 {[%clk 1:27:04]}
18. Bxe4 {[%clk 1:21:46]} Nf6 {[%clk 1:26:39]} 19. Bc2 {[%clk 1:21:01]} Qd6
{[%clk 1:26:29]} 20. f5 {[%clk 1:20:47]} g5 {[%clk 1:26:09]} 21. Rad1 {[%clk
1:19:30]} Rad8 {[%clk 1:26:14]} 22. Qa5 {[%clk 1:18:00]} Qb8 {[%clk 1:19:56]}
23. Re5 {[%clk 1:06:32]} Rd7 {[%clk 1:10:29]} 24. Bb3 {[%clk 0:57:52]} Rfd8
{[%clk 1:09:31]} 25. Qc5 {[%clk 0:54:50]} a6 {[%clk 1:03:17]} 26. Rde1 {[%clk
0:46:05]} Qc7 {[%clk 0:53:08]} 27. Re7 {[%clk 0:29:39]} Rxe7 {[%clk 0:52:06]}
28. Rxe7 {[%clk 0:30:03]} Rd7 {[%clk 0:52:32]} 29. Rxd7 {[%clk 0:30:29]} Qxd7
{[%clk 0:52:49]} 30. Qe5 {[%clk 0:27:48]} Qd8 {[%clk 0:50:47]} 31. h4 {[%clk
0:27:43]} Kf8 {[%clk 0:45:55]} 32. hxg5 {[%clk 0:25:07]} hxg5 {[%clk 0:46:18]}
33. Kg2 {[%clk 0:25:02]} a5 {[%clk 0:37:44]} 34. a4 {[%clk 0:23:30]} Kg7 {[%clk
0:37:06]} 1/2-1/2

[Event "Deutsche Ländermeisterschaft 2020"]
[Site "Berlin GER"]
[Date "2020.10.02"]
[Round "5"]
[White "Nguyen, Huy Dat"]
[Black "Kolb, Tobias"]
[Result "1/2-1/2"]
[Termination "normal"]
[Board "4.3"]
[WhiteElo "2166"]
[BlackElo "2268"]
[WhiteClock "00:10:11"]
[BlackClock "00:09:10"]
[WhiteTeam "Thüringen"]
[BlackTeam "Bayern"]
[PlyCount "78"]
[WhiteFideId "12923486"]
[BlackFideId "12992321"]
[EventCountry "GER"]
[EventRounds "7"]
[EventType "team-swiss"]
[EventDate "2020.09.29"]

1. e4 {[%clk 1:30:58]} c6 {[%clk 1:30:51]} 2. d4 {[%clk 1:31:24]} d5 {[%clk
1:31:17]} 3. Nc3 {[%clk 1:31:49]} dxe4 {[%clk 1:31:41]} 4. Nxe4 {[%clk
1:32:14]} Bf5 {[%clk 1:32:06]} 5. Ng3 {[%clk 1:32:40]} Bg6 {[%clk 1:32:31]} 6.
h4 {[%clk 1:33:06]} h6 {[%clk 1:32:58]} 7. Nf3 {[%clk 1:33:31]} Nd7 {[%clk
1:33:25]} 8. h5 {[%clk 1:33:56]} Bh7 {[%clk 1:33:52]} 9. Bd3 {[%clk 1:34:20]}
Bxd3 10. Qxd3 {[%clk 1:34:42]} e6 {[%clk 1:34:42]} 11. Bd2 {[%clk 1:35:00]} Qc7
{[%clk 1:35:07]} 12. O-O-O {[%clk 1:31:18]} Ngf6 {[%clk 1:35:01]} 13. Kb1
{[%clk 1:28:41]} O-O-O {[%clk 1:35:18]} 14. Ne4 {[%clk 1:24:14]} c5 {[%clk
1:32:10]} 15. Nc3 a6 {[%clk 1:15:32]} 16. Qe2 {[%clk 1:07:28]} c4 {[%clk
1:00:56]} 17. Ne5 {[%clk 1:03:07]} Nb6 {[%clk 0:55:29]} 18. Be1 {[%clk
0:45:18]} Bd6 {[%clk 0:41:29]} 19. f4 {[%clk 0:42:30]} Kb8 {[%clk 0:41:15]} 20.
Bh4 {[%clk 0:39:51]} Rc8 {[%clk 0:40:11]} 21. Bxf6 {[%clk 0:36:52]} gxf6 {[%clk
0:40:34]} 22. Ng4 {[%clk 0:37:14]} Bb4 {[%clk 0:37:50]} 23. Nxf6 {[%clk
0:34:31]} Bxc3 {[%clk 0:38:16]} 24. bxc3 {[%clk 0:34:56]} Na4 {[%clk 0:37:38]}
25. Rh3 {[%clk 0:33:35]} Qxf4 {[%clk 0:23:38]} 26. Rf1 {[%clk 0:27:58]} Qc7
{[%clk 0:19:41]} 27. Qe5 {[%clk 0:27:43]} Qxe5 {[%clk 0:17:42]} 28. Nd7+ {[%clk
0:28:05]} Kc7 {[%clk 0:16:26]} 29. Nxe5 {[%clk 0:28:23]} f5 {[%clk 0:16:18]}
30. Kc1 {[%clk 0:27:11]} Rcg8 {[%clk 0:12:37]} 31. Ng6 {[%clk 0:25:44]} Rh7
{[%clk 0:13:03]} 32. Re3 {[%clk 0:24:43]} Kd6 {[%clk 0:12:43]} 33. Kd2 {[%clk
0:24:15]} Nb6 {[%clk 0:12:37]} 34. Rfe1 {[%clk 0:22:38]} Re8 {[%clk 0:12:47]}
35. Re5 {[%clk 0:19:17]} Rf7 {[%clk 0:11:15]} 36. Nf4 {[%clk 0:12:22]} Rfe7
{[%clk 0:10:38]} 37. Ng6 {[%clk 0:10:46]} Rf7 {[%clk 0:11:04]} 38. Nf4 {[%clk
0:11:13]} Rfe7 {[%clk 0:09:10]} 39. Ng6 {[%clk 0:10:11]} Rf7 1/2-1/2

[Event "Deutsche Ländermeisterschaft 2020"]
[Site "Berlin GER"]
[Date "2020.10.02"]
[Round "5"]
[White "Costa, Leonardo"]
[Black "Schubert, Nikita"]
[Result "1-0"]
[Termination "normal"]
[Board "4.4"]
[WhiteElo "2336"]
[BlackElo "1946"]
[WhiteClock "00:01:01"]
[BlackClock "00:00:48"]
[WhiteTeam "Bayern"]
[BlackTeam "Thüringen"]
[PlyCount "75"]
[WhiteFideId "16213955"]
[BlackFideId "16212339"]
[EventCountry "GER"]
[EventRounds "7"]
[EventType "team-swiss"]
[EventDate "2020.09.29"]

1. e4 {[%clk 1:30:57]} e5 {[%clk 1:30:53]} 2. Nf3 {[%clk 1:31:23]} Nc6 {[%clk
1:31:15]} 3. Bc4 {[%clk 1:31:50]} Bc5 {[%clk 1:31:30]} 4. c3 {[%clk 1:32:16]}
Nf6 {[%clk 1:31:50]} 5. d3 {[%clk 1:32:42]} O-O {[%clk 1:32:01]} 6. O-O {[%clk
1:31:38]} d5 {[%clk 1:32:10]} 7. exd5 {[%clk 1:31:25]} Nxd5 {[%clk 1:32:31]} 8.
Re1 {[%clk 1:23:27]} Bg4 {[%clk 1:32:50]} 9. h3 {[%clk 1:18:49]} Bh5 {[%clk
1:33:01]} 10. Nbd2 {[%clk 1:18:08]} Nb6 {[%clk 1:30:28]} 11. Bb5 {[%clk
1:15:41]} Bd6 {[%clk 1:29:49]} 12. Bxc6 {[%clk 1:12:36]} bxc6 {[%clk 1:30:07]}
13. Ne4 {[%clk 1:12:58]} f6 {[%clk 1:20:13]} 14. Ng3 {[%clk 1:07:11]} Bf7
{[%clk 1:18:47]} 15. Nh4 {[%clk 1:01:39]} Nd5 {[%clk 1:08:49]} 16. Nhf5 {[%clk
0:57:58]} Bg6 {[%clk 1:02:02]} 17. Qg4 {[%clk 0:52:33]} Qc8 {[%clk 1:00:16]}
18. Bd2 {[%clk 0:48:34]} Rb8 {[%clk 0:53:49]} 19. b3 {[%clk 0:47:22]} Kh8
{[%clk 0:51:17]} 20. Rad1 {[%clk 0:42:39]} Ne7 {[%clk 0:42:58]} 21. Nxe7 {[%clk
0:41:11]} Bxe7 {[%clk 0:42:37]} 22. Qf3 {[%clk 0:35:09]} Qa6 {[%clk 0:35:50]}
23. Be3 {[%clk 0:25:02]} Qxa2 {[%clk 0:26:57]} 24. Qxc6 {[%clk 0:18:22]} Qxb3
{[%clk 0:23:21]} 25. Qxc7 {[%clk 0:16:10]} Rb7 {[%clk 0:21:39]} 26. Qc6 {[%clk
0:16:02]} f5 {[%clk 0:18:23]} 27. Bd2 {[%clk 0:09:37]} Bf6 {[%clk 0:17:29]} 28.
Qc5 {[%clk 0:05:55]} Rd8 {[%clk 0:15:41]} 29. d4 {[%clk 0:04:04]} exd4 {[%clk
0:08:38]} 30. cxd4 {[%clk 0:04:26]} Rbd7 {[%clk 0:04:39]} 31. Ba5 {[%clk
0:02:18]} Be7 {[%clk 0:01:33]} 32. Qc6 {[%clk 0:01:47]} Rd6 {[%clk 0:01:12]}
33. Qc1 {[%clk 0:01:14]} R8d7 {[%clk 0:00:58]} 34. Qc5 {[%clk 0:00:49]} Rd5
{[%clk 0:00:52]} 35. Qc6 {[%clk 0:01:01]} Bd8 {[%clk 0:00:41]} 36. Bxd8 {[%clk
0:01:04]} Rxd8 {[%clk 0:01:09]} 37. Rb1 {[%clk 0:01:01]} Qd3 {[%clk 0:00:48]}
38. Qxd5 1-0

[Event "Deutsche Ländermeisterschaft 2020"]
[Site "Berlin GER"]
[Date "2020.10.02"]
[Round "5"]
[White "Deuer, Marius"]
[Black "Basovskiy, Jana"]
[Result "1/2-1/2"]
[Termination "normal"]
[Board "5.4"]
[WhiteElo "2161"]
[BlackElo "1760"]
[WhiteClock "00:00:54"]
[BlackClock "00:18:04"]
[WhiteTeam "Württemberg"]
[BlackTeam "Baden"]
[PlyCount "83"]
[WhiteFideId "16236432"]
[BlackFideId "16208617"]
[EventCountry "GER"]
[EventRounds "7"]
[EventType "team-swiss"]
[EventDate "2020.09.29"]

1. d4 {[%clk 1:30:57]} Nf6 {[%clk 1:30:55]} 2. c4 {[%clk 1:31:22]} e6 {[%clk
1:31:21]} 3. Nf3 {[%clk 1:31:48]} d5 {[%clk 1:31:42]} 4. Nc3 {[%clk 1:32:13]}
Be7 {[%clk 1:31:21]} 5. Bf4 {[%clk 1:32:35]} O-O {[%clk 1:31:27]} 6. e3 {[%clk
1:32:57]} b6 {[%clk 1:30:41]} 7. cxd5 {[%clk 1:33:01]} exd5 {[%clk 1:29:02]} 8.
Be2 {[%clk 1:29:48]} Bb7 {[%clk 1:25:33]} 9. Rc1 {[%clk 1:29:34]} Nbd7 {[%clk
1:21:13]} 10. h3 {[%clk 1:23:22]} c5 {[%clk 1:15:36]} 11. O-O {[%clk 1:21:24]}
Rc8 {[%clk 1:11:48]} 12. Qc2 {[%clk 1:06:54]} Ne4 {[%clk 1:05:50]} 13. dxc5
{[%clk 0:55:17]} Ndxc5 {[%clk 0:59:00]} 14. Qb1 {[%clk 0:48:10]} Ne6 {[%clk
0:55:27]} 15. Be5 {[%clk 0:39:35]} Bf6 {[%clk 0:45:17]} 16. Bxf6 {[%clk
0:14:49]} Qxf6 {[%clk 0:45:36]} 17. Nb5 {[%clk 0:07:12]} a6 {[%clk 0:38:45]}
18. Na7 {[%clk 0:03:58]} Rc5 {[%clk 0:27:27]} 19. b4 {[%clk 0:02:00]} Rxc1
{[%clk 0:27:50]} 20. Rxc1 {[%clk 0:02:26]} Ra8 {[%clk 0:22:13]} 21. Nc6 {[%clk
0:02:49]} Nc3 {[%clk 0:22:34]} 22. Qb2 {[%clk 0:03:00]} Nxe2+ {[%clk 0:22:59]}
23. Qxe2 {[%clk 0:03:27]} Rc8 {[%clk 0:23:21]} 24. b5 {[%clk 0:03:53]} axb5
{[%clk 0:22:13]} 25. Qxb5 {[%clk 0:04:19]} Nd8 {[%clk 0:20:09]} 26. Qxb6 {[%clk
0:00:33]} Rxc6 {[%clk 0:20:01]} 27. Rxc6 {[%clk 0:00:54]} Bxc6 {[%clk 0:20:30]}
28. Nd4 {[%clk 0:00:39]} Bd7 {[%clk 0:15:51]} 29. Qc7 {[%clk 0:00:33]} Be8
{[%clk 0:12:59]} 30. Qc5 {[%clk 0:00:41]} Qe5 {[%clk 0:10:49]} 31. Qc8 {[%clk
0:00:44]} Qe7 {[%clk 0:10:30]} 32. Qa8 {[%clk 0:01:07]} Qd7 {[%clk 0:09:10]}
33. a4 {[%clk 0:00:34]} Ne6 {[%clk 0:08:51]} 34. a5 {[%clk 0:00:33]} Nxd4
{[%clk 0:08:10]} 35. exd4 {[%clk 0:01:02]} Qc6 {[%clk 0:08:13]} 36. Qb8 {[%clk
0:01:28]} Kf8 {[%clk 0:07:29]} 37. Qb4+ {[%clk 0:01:57]} Kg8 {[%clk 0:07:49]}
38. Qb8 {[%clk 0:02:25]} Qb5 {[%clk 0:07:28]} 39. Qd8 {[%clk 0:01:12]} Qd7
{[%clk 0:01:40]} 40. Qb8 {[%clk 0:01:32]} Qb5 {[%clk 0:01:17]} 41. Qd8 {[%clk
0:00:54]} Qd7 {[%clk 0:18:04]} 42. Qb8 1/2-1/2